000
00347nam a2200133Ia 4500
008
230411s9999 xx 000 0 und d
041
_a
eng
082
_a
P/610.7365/GHA/B05755
100
_a
Ghai O P
245
_a
Essential Pediatrics
260
_b
CBS Publishers & Distributors
_a
New Delhi
_c
2004
300
_a
720p
999
_c
156242
_d
156242